|
|
|
|
| LEADER |
00000nab#a22000007a#4500 |
| 001 |
arbauad006875 |
| 003 |
AR-BaUAD |
| 005 |
20250711110811.0 |
| 008 |
941117|||||||||###||||||b###|0###a|spa|| |
| 040 |
|
|
|a AR-BaUAD
|c AR-BaUAD
|b spa
|
| 100 |
|
|
|a Carter, Brian
|
| 245 |
|
|
|a Swiss delicacy /
|c Brian Carter;
|
| 300 |
0 |
|
|b cortes, detalles, fot.
|
| 653 |
|
|
|a BROSI, RICHARD
|
| 653 |
|
|
|a OBRIST, ROBERT
|
| 653 |
|
|
|a TERMINALES DE OMNIBUS
|
| 653 |
|
|
|a SUIZA
|
| 653 |
|
|
|a CENTROS DE TRANSBORDO
|
| 773 |
0 |
|
|t ARCHITECTURAL REVIEW
|g no. 1167 [mayo 1994], p. 42-47
|
| 942 |
|
|
|c ARTI
|
| 952 |
|
|
|0 0
|1 0
|4 0
|7 0
|9 51795
|a AR-BAuAD
|b AR-BAuAD
|d 2025-07-11
|l 0
|p AAQA006875
|r 2025-07-11 11:08:11
|w 2025-07-11
|y ARTI
|
| 990 |
|
|
|a AQ199
|b TD
|
| 998 |
|
|
|a AAQ
|b BIBUN76
|
| 999 |
|
|
|c 31468
|d 31468
|